<?xml version="1.0" encoding="UTF-8"?>
<record
    xmlns:xsi="http://www.w3.org/2001/XMLSchema-instance"
    xsi:schemaLocation="http://www.loc.gov/MARC21/slim http://www.loc.gov/standards/marcxml/schema/MARC21slim.xsd"
    xmlns="http://www.loc.gov/MARC21/slim">

  <leader>00579nam a22002057a 4500</leader>
  <controlfield tag="005">20240220143118.0</controlfield>
  <controlfield tag="008">240220b           ||||| |||| 00| 0 eng d</controlfield>
  <datafield tag="020" ind1=" " ind2=" ">
    <subfield code="a">9789358498899</subfield>
  </datafield>
  <datafield tag="040" ind1=" " ind2=" ">
    <subfield code="a">IN-DiNC</subfield>
    <subfield code="c">IN-DiNC</subfield>
  </datafield>
  <datafield tag="041" ind1=" " ind2=" ">
    <subfield code="d">asm</subfield>
  </datafield>
  <datafield tag="082" ind1=" " ind2=" ">
    <subfield code="a">320.954</subfield>
    <subfield code="b">DUT</subfield>
  </datafield>
  <datafield tag="100" ind1=" " ind2=" ">
    <subfield code="a">Dutta, Mridul</subfield>
    <subfield code="e">author</subfield>
  </datafield>
  <datafield tag="245" ind1=" " ind2=" ">
    <subfield code="a">Bharatiya sarkar aru rajniti/</subfield>
    <subfield code="c">by Mridul Dutta and Dipak Kumar Sharma</subfield>
  </datafield>
  <datafield tag="250" ind1=" " ind2=" ">
    <subfield code="a">1st ed.</subfield>
  </datafield>
  <datafield tag="260" ind1=" " ind2=" ">
    <subfield code="a">Dibrugarh:</subfield>
    <subfield code="b">Banalata,</subfield>
    <subfield code="c">2024.</subfield>
  </datafield>
  <datafield tag="300" ind1=" " ind2=" ">
    <subfield code="a">439p.</subfield>
  </datafield>
  <datafield tag="650" ind1=" " ind2=" ">
    <subfield code="a">Indian government and politics</subfield>
  </datafield>
  <datafield tag="700" ind1=" " ind2=" ">
    <subfield code="a">Sharma, Dipak Kumar</subfield>
    <subfield code="e">author</subfield>
  </datafield>
  <datafield tag="942" ind1=" " ind2=" ">
    <subfield code="2">ddc</subfield>
    <subfield code="c">BK</subfield>
  </datafield>
  <datafield tag="999" ind1=" " ind2=" ">
    <subfield code="c">11743</subfield>
    <subfield code="d">11743</subfield>
  </datafield>
  <datafield tag="952" ind1=" " ind2=" ">
    <subfield code="0">0</subfield>
    <subfield code="1">0</subfield>
    <subfield code="2">ddc</subfield>
    <subfield code="4">0</subfield>
    <subfield code="7">0</subfield>
    <subfield code="8">POL</subfield>
    <subfield code="a">MAIN</subfield>
    <subfield code="b">MAIN</subfield>
    <subfield code="c">GEN</subfield>
    <subfield code="d">2024-02-20</subfield>
    <subfield code="g">399.00</subfield>
    <subfield code="l">9</subfield>
    <subfield code="o">320.954 DUT</subfield>
    <subfield code="p">29910</subfield>
    <subfield code="q">2026-05-12</subfield>
    <subfield code="r">2026-04-23 08:12:16</subfield>
    <subfield code="s">2026-04-23</subfield>
    <subfield code="t">1</subfield>
    <subfield code="w">2024-02-20</subfield>
    <subfield code="y">BK</subfield>
  </datafield>
  <datafield tag="952" ind1=" " ind2=" ">
    <subfield code="0">0</subfield>
    <subfield code="1">0</subfield>
    <subfield code="2">ddc</subfield>
    <subfield code="4">0</subfield>
    <subfield code="7">0</subfield>
    <subfield code="8">POL</subfield>
    <subfield code="a">MAIN</subfield>
    <subfield code="b">MAIN</subfield>
    <subfield code="c">GEN</subfield>
    <subfield code="d">2024-02-20</subfield>
    <subfield code="g">399.00</subfield>
    <subfield code="l">10</subfield>
    <subfield code="o">320.954 DUT</subfield>
    <subfield code="p">29911</subfield>
    <subfield code="r">2026-04-27 07:36:43</subfield>
    <subfield code="s">2026-03-24</subfield>
    <subfield code="t">2</subfield>
    <subfield code="w">2024-02-20</subfield>
    <subfield code="y">BK</subfield>
  </datafield>
  <datafield tag="952" ind1=" " ind2=" ">
    <subfield code="0">0</subfield>
    <subfield code="1">0</subfield>
    <subfield code="2">ddc</subfield>
    <subfield code="4">0</subfield>
    <subfield code="7">0</subfield>
    <subfield code="8">POL</subfield>
    <subfield code="a">MAIN</subfield>
    <subfield code="b">MAIN</subfield>
    <subfield code="c">GEN</subfield>
    <subfield code="d">2024-02-20</subfield>
    <subfield code="g">399.00</subfield>
    <subfield code="l">11</subfield>
    <subfield code="o">320.954 DUT</subfield>
    <subfield code="p">29912</subfield>
    <subfield code="r">2026-03-23 06:47:35</subfield>
    <subfield code="s">2026-02-25</subfield>
    <subfield code="t">3</subfield>
    <subfield code="w">2024-02-20</subfield>
    <subfield code="y">BK</subfield>
  </datafield>
  <datafield tag="952" ind1=" " ind2=" ">
    <subfield code="0">0</subfield>
    <subfield code="1">0</subfield>
    <subfield code="2">ddc</subfield>
    <subfield code="4">0</subfield>
    <subfield code="7">0</subfield>
    <subfield code="8">POL</subfield>
    <subfield code="a">MAIN</subfield>
    <subfield code="b">MAIN</subfield>
    <subfield code="c">GEN</subfield>
    <subfield code="d">2024-02-20</subfield>
    <subfield code="g">399.00</subfield>
    <subfield code="l">16</subfield>
    <subfield code="o">320.954 DUT</subfield>
    <subfield code="p">29913</subfield>
    <subfield code="q">2026-05-23</subfield>
    <subfield code="r">2026-05-06 08:28:03</subfield>
    <subfield code="s">2026-05-06</subfield>
    <subfield code="t">4</subfield>
    <subfield code="w">2024-02-20</subfield>
    <subfield code="y">BK</subfield>
  </datafield>
  <datafield tag="952" ind1=" " ind2=" ">
    <subfield code="0">0</subfield>
    <subfield code="1">0</subfield>
    <subfield code="2">ddc</subfield>
    <subfield code="4">0</subfield>
    <subfield code="7">0</subfield>
    <subfield code="8">POL</subfield>
    <subfield code="a">MAIN</subfield>
    <subfield code="b">MAIN</subfield>
    <subfield code="c">GEN</subfield>
    <subfield code="d">2024-02-20</subfield>
    <subfield code="g">399.00</subfield>
    <subfield code="l">12</subfield>
    <subfield code="o">320.954 DUT</subfield>
    <subfield code="p">29914</subfield>
    <subfield code="r">2026-05-12 07:19:18</subfield>
    <subfield code="s">2026-04-23</subfield>
    <subfield code="t">5</subfield>
    <subfield code="w">2024-02-20</subfield>
    <subfield code="y">BK</subfield>
  </datafield>
</record>
